000 00987cam a2200301 a 4500
001 000012089
005 20200929162705.0
008 981016s1998 ck a b 001 0 spa
020 _a9586146286
035 _a(BoCbEI)ei 980201750
040 _aDO-SdBNP
_cDLC
042 _apcc
043 _as-ck---
050 0 0 _aLA568
_b.C82 1999
082 _annn
_bC962s
100 1 _aCubillos Reyes, Constanza
_q(Constanza Margarita Cubillos Reyes)
_d1966-
_928556
245 1 0 _aSaldo rojo :
_bla educación superior en crisis /
_cConstanza Cubillos Reyes.
260 _aSanta Fe de Bogotá :
_bPlaneta Colombiana Editorial,
_c1998.
300 _a446 p. :
_bil. ;
_c24 cm.
490 1 _aTemas de hoy
490 1 _aGrandes temas ;
_v5
504 _aIncluye referencias bibliográficas.
650 0 _aUniversities and colleges
_xSocial aspects.
_928557
830 0 _aTemas de hoy ;
_97282
830 0 _aGrandes temas ;
_v5.
_95469
910 _aCatalogación por copia / LC
049 _aBNGR
999 _c11755
_d11755